<?xml version="1.0" encoding="UTF-8"?>
<record
    xmlns:xsi="http://www.w3.org/2001/XMLSchema-instance"
    xsi:schemaLocation="http://www.loc.gov/MARC21/slim http://www.loc.gov/standards/marcxml/schema/MARC21slim.xsd"
    xmlns="http://www.loc.gov/MARC21/slim">

  <leader>01586cam a22003737a 4500</leader>
  <controlfield tag="001">17625835</controlfield>
  <controlfield tag="003">Nust- CAS-E</controlfield>
  <controlfield tag="005">20180118181400.0</controlfield>
  <controlfield tag="008">130214s2012    sw a     b    101 0 eng d</controlfield>
  <datafield tag="010" ind1=" " ind2=" ">
    <subfield code="a">  2012538684</subfield>
  </datafield>
  <datafield tag="016" ind1="7" ind2=" ">
    <subfield code="a">016173504</subfield>
    <subfield code="2">Uk</subfield>
  </datafield>
  <datafield tag="020" ind1=" " ind2=" ">
    <subfield code="a">9783037854150 </subfield>
  </datafield>
  <datafield tag="020" ind1=" " ind2=" ">
    <subfield code="a">3037854154 </subfield>
  </datafield>
  <datafield tag="035" ind1=" " ind2=" ">
    <subfield code="a">(OCoLC)ocn810257530</subfield>
  </datafield>
  <datafield tag="040" ind1=" " ind2=" ">
    <subfield code="a">YDXCP</subfield>
    <subfield code="c">YDXCP</subfield>
    <subfield code="d">BWX</subfield>
    <subfield code="d">ILU</subfield>
    <subfield code="d">BTCTA</subfield>
    <subfield code="d">UKMGB</subfield>
    <subfield code="d">DLC</subfield>
  </datafield>
  <datafield tag="042" ind1=" " ind2=" ">
    <subfield code="a">lccopycat</subfield>
  </datafield>
  <datafield tag="050" ind1="0" ind2="0">
    <subfield code="a">TK1001</subfield>
    <subfield code="b">.E354 2012</subfield>
  </datafield>
  <datafield tag="082" ind1=" " ind2=" ">
    <subfield code="a">621.31</subfield>
    <subfield code="b">ELE 2012</subfield>
  </datafield>
  <datafield tag="245" ind1="0" ind2="0">
    <subfield code="a">Electrical power &amp; energy systems :</subfield>
    <subfield code="b">selected, peer reviewed papers from the 2012 International Conference on Energy and Environmental Protection (ICEEP 2012), June 23-24, 2012, Hohhot, China /</subfield>
    <subfield code="c">edited by Jinyue Yan ... [et al.].</subfield>
  </datafield>
  <datafield tag="260" ind1=" " ind2=" ">
    <subfield code="a">Durnten-Zurich, Switzerland ;</subfield>
    <subfield code="a">Enfield, NH :</subfield>
    <subfield code="b">Trans Tech Publications,</subfield>
    <subfield code="c">c2012.</subfield>
  </datafield>
  <datafield tag="300" ind1=" " ind2=" ">
    <subfield code="a">2 v. (lii, 1969 p.) :</subfield>
    <subfield code="b">ill. ;</subfield>
    <subfield code="c">24 cm.</subfield>
  </datafield>
  <datafield tag="490" ind1="1" ind2=" ">
    <subfield code="a">Advanced materials research ;</subfield>
    <subfield code="v">v. 516-517</subfield>
  </datafield>
  <datafield tag="504" ind1=" " ind2=" ">
    <subfield code="a">Includes bibliographical references and indexes.</subfield>
  </datafield>
  <datafield tag="650" ind1=" " ind2="0">
    <subfield code="a">Electric power systems</subfield>
    <subfield code="v">Congresses.</subfield>
  </datafield>
  <datafield tag="650" ind1=" " ind2="0">
    <subfield code="a">Electric power systems</subfield>
    <subfield code="x">Environmental aspects</subfield>
    <subfield code="v">Congresses.</subfield>
  </datafield>
  <datafield tag="650" ind1=" " ind2="0">
    <subfield code="a">Power (Mechanics)</subfield>
    <subfield code="v">Congresses.</subfield>
  </datafield>
  <datafield tag="700" ind1="1" ind2=" ">
    <subfield code="a">Yan, Jinyue.</subfield>
  </datafield>
  <datafield tag="711" ind1="2" ind2=" ">
    <subfield code="a">International Conference on Energy and Environmental Protection</subfield>
    <subfield code="n">(1st :</subfield>
    <subfield code="d">2012 :</subfield>
    <subfield code="c">Hohhot, China)</subfield>
  </datafield>
  <datafield tag="830" ind1=" " ind2="0">
    <subfield code="a">Advanced materials research ;</subfield>
    <subfield code="v">v. 516.</subfield>
  </datafield>
  <datafield tag="830" ind1=" " ind2="0">
    <subfield code="a">Advanced materials research ;</subfield>
    <subfield code="v">v. 517.</subfield>
  </datafield>
  <datafield tag="906" ind1=" " ind2=" ">
    <subfield code="a">7</subfield>
    <subfield code="b">cbc</subfield>
    <subfield code="c">copycat</subfield>
    <subfield code="d">2</subfield>
    <subfield code="e">ncip</subfield>
    <subfield code="f">20</subfield>
    <subfield code="g">y-gencatlg</subfield>
  </datafield>
  <datafield tag="942" ind1=" " ind2=" ">
    <subfield code="2">ddc</subfield>
    <subfield code="c">BK</subfield>
  </datafield>
  <datafield tag="999" ind1=" " ind2=" ">
    <subfield code="c">355395</subfield>
    <subfield code="d">355395</subfield>
  </datafield>
  <datafield tag="952" ind1=" " ind2=" ">
    <subfield code="0">0</subfield>
    <subfield code="1">0</subfield>
    <subfield code="2">ddc </subfield>
    <subfield code="4">0</subfield>
    <subfield code="7">0</subfield>
    <subfield code="8">NFIC</subfield>
    <subfield code="a">CAS-E</subfield>
    <subfield code="b">CAS-E</subfield>
    <subfield code="c">GEN</subfield>
    <subfield code="d">2013-04-23</subfield>
    <subfield code="e">Victoria co</subfield>
    <subfield code="l">0</subfield>
    <subfield code="o">621.31 ELE 2012</subfield>
    <subfield code="p">CAS-E0000288</subfield>
    <subfield code="r">2014-07-16</subfield>
    <subfield code="v">46595.00</subfield>
    <subfield code="w">2014-07-16</subfield>
    <subfield code="y">BK</subfield>
  </datafield>
</record>
